000 00305nam a2200121Ia 4500
008 230627s9999 xx 000 0 und d
041 _aeng
082 _a340
_bRED
100 _aReddi
245 _aJudicial Officers Examination Course Materaal Vol Iii
260 _bAsia Law House
_c2011
300 _a400p
999 _c679855
_d679855